Statistics for Animals By Picture - Letter H

Click here to take the quiz!

General Stats

  • This quiz has been taken 297 times
  • The average score is 10 of 12

Answer Stats

Answer% Correct
Horse
99%
Hippo
98%
Hare
95%
Hummingbird
95%
Hyena
95%
Hamster
94%
Hedgehog
94%
Hermit Crab
86%
Hawk
85%
Humpback Whale
82%
Heron
79%
Hornbill
43%

Score Distribution

Percentile by Number Answered

Percent of People with Each Score

Your Score History

You have not taken this quiz